书目信息 |
| 书名: | Mathematics with applications | |
| 作者: | ||
| 分册号: | ||
| 分册名: | 出版地: | Reading, Mass. : |
|
| 出版社: | Addison-Wesley | |
| 出版时间: | c1999. | |
| 页数: | xv, 804, 38, 22 p. : | |
| 开本: | 26 cm. | |
| 丛书名: | ||
| 中图分类号: | ||
| 科图分类号: | ||
| 其他分类号: | G633.6 | |
| 主题词: | ||
| 电子资源: | ||
| 000 | 01399cam a2200325 a 450 | |
| 001 | E0759725466 | |
| 005 | 20070505163549.39 | |
| 008 | 980421s1999 maua 001 0 eng | |
| 010 | @a98021682 | |
| 020 | @a0321022947. | |
| 035 | @A(DLC) 98021682 | |
| 040 | @aDLC@cDLC@dDLC | |
| 050 | 00 | @aQA37.2@b.L5 1999 |
| 082 | 00 | @a510@2 21 |
| 090 | @aG633.6 | |
| 099 | @dG633.6@ex42=7 | |
| 100 | 1 | @aLial, Margaret L. |
| 245 | 10 | @aMathematics with applications :@bin the management, natural, and social sciences. |
| 250 | @a7th ed. / :@bMargaret L. Lial, Thomas W. Hungerford. | |
| 260 | @aReading, Mass. :@bAddison-Wesley,@cc1999. | |
| 300 | @axv, 804, 38, 22 p. :@bill. (some col.) ;@c26 cm. | |
| 500 | @aIncludes indexes. | |
| 500 | @aRev. ed. of: Mathematics with applications in the management, natural, and social sciences. 6th ed. c1996. | |
| 650 | 0 | @aMathematics. |
| 700 | 1 | @aHungerford, Thomas W. |
| 700 | 1 | @aLial, Margaret L.@tMathematics with applications in the management, natural, and social sciences. |
| 906 | @a7@bcbc@corignew@d1@eocip@f19@gy-gencatlg | |
| 952 | @aPer pub. call: this ed. now has a definite separation of title proper and subtitle--jd20 04-22-98 | |
| 955 | @apc14 to ja00 04-21-98; jd20 04-22-98; jd99 04-22-98; jd85 04-23-98; bk. recd. jp00 08-31-98; CIP ver. jp99 08-31-98 | |
| 991 | @bc-GenColl@hQA37.2@i.L5 1999@p00054899518@tCopy 1@wBOOKS | |
| Mathematics with applications : : in the management, natural, and social sciences.-7th ed. / : : Margaret L. Lial, Thomas W. Hungerford.-Reading, Mass. : : Addison-Wesley, , c1999. |
| xv, 804, 38, 22 p. : : ill. (some col.) ; ; 26 cm. |
| Includes indexes.-Rev. ed. of: Mathematics with applications in the management, natural, and social sciences. 6th ed. c1996. |
| ISBN 0321022947. |
| ● |
| 相关链接 |
|
|
|
|
正题名:Mathematics with applications
索取号:G633.6/x42=7
 
预约/预借
| 序号 | 登录号 | 条形码 | 馆藏地/架位号 | 状态 | 备注 |
| 1 | 0007055 | 300070553 | 第二样本阅览室/ [索取号:G633.6/x42=7] | 在馆 |